LEADER 00776nam a2200217 i 4500 001 000000152934 003 CaOOAMICUS 005 20060907000000.0 008 060907s1961 it u000 u ita u 013 $a130275 040 $aSeMil$bita 245 10$aAvvento :$baspetto storico, liturgico, ascetico. 260 $a[S.l. :$bs.n.],$c1961. 300 $a232, 20 p. :$bill. ;$c22 cm. 500 $aVol. dattiloscritto. 650 4$aAvvento.$0(OLS)http://semarc/subject/8783 850 $aSeMil 852 $aSeMil$W1$xVenegono$y1$m2C IV 471$j104878$B104878$CSeMilBibl$Z2$F114098 $81 961 $aRecupero: Altro 996 $6245$aAvvento :$baspetto storico, liturgico, ascetico$9(OLS)http://semarc/title/223684 996 $6260$a[S.l. :$bs.n.]$9(OLS)http://semarc/publisher/29751 LEADER 01395nam a2200313 i 4500 001 000000119069 003 CaOOAMICUS 005 20031016000000.0 008 031016s1996 it u000 u ita u 013 $a91762 020 $a88-215-3203-8 040 $aSeMil$bita 100 1 $aBallestrero, Anastasio Alberto$b.$0(OLS)http://semarc/name/980 245 10$aPrima le radici :$bcorso di esercizi spirituali sulla vita battesimale /$cAnastasio Ballestrero. 260 $aCinisello Balsamo :$bSan Paolo,$c1996. 300 $a111 p. ;$c21 cm. 490 0 $aVita quotidiana, vita cristiana ;$v22 500 $aFondo Card. C.M. Martini. 650 4$aBattesimo - Commenti.$0(OLS)http://semarc/subject/9052 650 4$aVocazione.$0(OLS)http://semarc/subject/9323 650 4$aEsercizi spirituali - Testi.$0(OLS)http://semarc/subject/3261 830 0$aVita quotidiana, vita cristiana ;$v22.$0(OLS)http://semarc/title/13486 850 $aSeMil 852 $aSeMil$W1$xVenegono$y1$m3F III 88$j74313$B74313$CSeMilBibl$Z2$F98718 $81 941 1 $a4 961 $aOmaggio: Martini Card. Carlo Maria 996 $6020$a88-215-3203-8$9(OLS)http://semarc/number/103838 996 $6245$aPrima le radici :$bcorso di esercizi spirituali sulla vita battesimale$9(OLS)http://semarc/title/174964 996 $6260$aCinisello Balsamo :$bSan Paolo$9(OLS)http://semarc/publisher/30129